Škodlivý život počítača

Obrovské negatívne dosahy informačných technológií na životné prostredie. Obsah jednotlivých škodlivín v bežnom počítači s váhou 30 kilogramov. Čo s odpadom z počítačov.

Salvato in:
Dettagli Bibliografici
Autore principale: Hlubina, Palo
Natura: Capitolo di libro
Lingua:slovacco
Soggetti:
Tags: Aggiungi Tag
Nessun Tag, puoi essere il primo ad aggiungerne!!

MARC

LEADER 00000naa a2200000 4500
001 r047273
005 20230908084054.4
041 0 |a slo 
044 |a SK 
245 1 0 |a Škodlivý život počítača  |c Palo Hlubina 
520 |a Obrovské negatívne dosahy informačných technológií na životné prostredie. Obsah jednotlivých škodlivín v bežnom počítači s váhou 30 kilogramov. Čo s odpadom z počítačov. 
610 2 0 |a prostredie životné 
610 2 0 |a ekológia 
610 2 0 |a technológie informačné 
610 2 0 |a počítače 
610 2 0 |a odpad 
610 2 0 |a svet 
100 1 |a Hlubina, Palo